| 000 | 00733cam a22001457a 4500 | ||
|---|---|---|---|
| 008 | 180718b xxu||||| |||| 00| 0 eng d | ||
| 082 | _aA81x54 91/20/PT 3B/B | ||
| 100 | _aCensus of India 1991 | ||
| 245 | _aPunjab: economic tables | ||
| 260 |
_aDelhi _bThe Controller of Publications _c |
||
| 300 | _a-v- | ||
| 440 | _aCensus of India 1991. Series-20, Punjab. Part IIIB- B series | ||
| 500 | _aLibrary has v.1. 2001. 1131+p. Tables B-2(F), B-3(F), B-6(F), B-7(F), B-9(F), B-12(F), B-13(i)(F), B-13(ii)(F) and B-14(F);v.2. 2001. 932+p. Tables B-15(i)(F), B-15(ii)(F), B-16(F), B-17(F), B-18(F), B-19(F) and B-20(F);v.3. 2001. 801+p. Tables B-21(F) Part A & B, B-22(F), B-23(F) and B-24(F) | ||
| 650 | _aPunjab - Census - Economic surveys | ||
| 999 |
_c490799 _d490799 |
||